000 00297nam a22001337a 4500
008 170221b xxu||||| |||| 00| 0 eng d
020 _a9781625231147
041 _aeng
080 _26th
_a615
100 _a5
101 _aSHF
245 _aNCLEX-RN DRUG GUIDE
_cARNOLDUSSEN, B.H
942 _2udc
_cBK
999 _c5996
_d5996